The journey for inclusive education in the Indian sub-continent /

Bibliographic Details
Main Author: Alur, Mithu, 1943-
Other Authors: Bach, Michael, 1956-
Format: Book
Language:English
Published: New York : Routledge, 2010.
Series:Routledge research in education ; 23.
Subjects:
Online Access:Publisher description

MARC

Tag First Indicator Second Indicator Subfields
LEADER 00000cam a22000004a 4500
001 in00002497513
005 20151111050403.0
008 080827s2010 nyuab b 001 0 eng
010 |a  2008036727 
019 |a 259265441 
020 |a 9780415988766 
020 |a 9780203881866 (ebk) 
020 |a 0415988764 
020 |a 0203881869 (ebk) 
029 1 |a BWX  |b R9794496 
029 1 |a CDX  |b 8280473 
035 |a (OCoLC)ocn244701499 
035 |a (OCoLC)244701499  |z (OCoLC)259265441 
040 |a DLC  |c DLC  |d YDXCP  |d BTCTA  |d C#P  |d BWX  |d CDX  |d UtOrBLW 
043 |a a-ii--- 
049 |a TXAM 
050 0 0 |a LC1203.I43  |b A48 2010 
082 0 0 |a 371.9/0460954  |2 22 
100 1 |a Alur, Mithu,  |d 1943- 
245 1 4 |a The journey for inclusive education in the Indian sub-continent /  |c Mithu Alur and Michael Bach. 
264 1 |a New York :  |b Routledge,  |c 2010. 
300 |a xxii, 315 pages :  |b illustrations, maps ;  |c 24 cm. 
336 |a text  |b txt  |2 rdacontent 
337 |a unmediated  |b n  |2 rdamedia 
338 |a volume  |b nc  |2 rdacarrier 
490 1 |a Routledge research in education ;  |v 23 
504 |a Includes bibliographical references and index. 
505 0 |a Sowing the seeds of a movement for education of disabled children with disabilities: 1972-1993 -- 'Invisible children' : studying a policy of exclusion : 1993-1999 -- The journey begins -- Perspectives on 'invisible children' -- Dismantling the specialist school : a whole school approach -- Transforming pedagogy : the process of demystification -- 'Can my child study'? Transformation of a community : a whole community approach -- Practitioners become researchers and lessons learned about transforming schools, pedagogy and community -- Changing public awareness -- Advocating policy change and system reform : a whole policy approach -- A way forward. 
650 0 |a Inclusive education  |z India. 
650 0 |a Children with disabilities  |x Education  |z India. 
700 1 |a Bach, Michael,  |d 1956- 
830 0 |a Routledge research in education ;  |v 23. 
856 4 2 |3 Publisher description  |u http://www.loc.gov/catdir/enhancements/fy0908/2008036727-d.html  |t 0 
938 |a YBP Library Services  |b YANK  |n 2880279 
938 |a Baker and Taylor  |b BTCP  |n BK0007953665 
938 |a Blackwell Book Service  |b BBUS  |n R9794496  |c $95.00 
938 |a Coutts Information Services  |b COUT  |n 8280473 
945 |a PromptCat  |b 763765 
946 |a stk 
947 |a A14839932095 
994 |a 92  |b TXA 
948 |a cataloged  |b h  |d 2009/8/13  |h c  |e asalazar  |f 12:59:56 pm 
999 |a MARS 
999 f f |s 67176f61-bb3b-346d-87e8-cc1e68db5e07  |i 4cd5d78d-acf8-3447-bb88-8aeb01aec2c4  |t 0 
952 f f |p normal  |a Texas A&M University  |b College Station  |c Sterling C. Evans Library  |d Evans: Library Stacks  |t 0  |e LC1203.I43 A48 2010  |h Library of Congress classification  |i unmediated -- volume  |m A14839932095 
998 f f |a LC1203.I43 A48 2010  |t 0  |l Evans: Library Stacks